000 00623nam a2200181 4500
001 18678
005 20201125173904.0
007 tu
008 170314s1752||||||| ger
245 0 0 _aRector Et Senatus Academiae Regiae Viadrinae
_bL.B. S. : d. 9. April. A. MDCCLII.
264 _aFrankfurt (Oder)
_bWinter
_c1752
365 _c€
546 _adeutsch
650 0 4 _aUniversität
650 0 4 _aFrankfurt (Oder)
650 0 4 _aVorlesungsverzeichnis
650 0 4 _aCartheuser, Boehmer, Siegel, Jablonski, Grillo, Stosch, de Hackeman, Uhlius, de Bergen, Polac, Westerman, Baumgarten, de Steinwehr, Deutsch, Simonetti
999 _c78945
_d78945